00389nam a2200133Ia 4500008004100000020001800041041000800059082002000067100001800087245008100105260004900186300000800235365001200243140306s9999 xx 000 0 und d a81 7018 378 2 aeng a332 .31bOBU/CO aObul Reddy, D aCo operative agricultural development banks : a case study of Andhra Pradesh aNew DelhibB R Publishing Corporationc 1986 a429 bRs .195